[Event "MVS-ch"]
[Site "Bad Soden Salmuenster"]
[Date "1999.11.20"]
[Round "4"]
[White "Filmann, Andreas"]
[Black "Hattermann, Thomas"]
[Result "1/2-1/2"]
[WhiteElo "1642"]
[BlackElo "1758"]
[PlyCount "57"]
[EventDate "1999.11.??"]
[EventType "swiss"]
[EventRounds "7"]
[EventCountry "GER"]
[SourceTitle "EXT 2003"]
[Source "ChessBase"]
[SourceDate "2002.11.25"]
[SourceVersion "1"]
[SourceVersionDate "2002.11.25"]
[SourceQuality "1"]

1. e4 e5 2. Nf3 Nc6 3. Nc3 Bc5 4. Nxe5 Bxf2+ 5. Kxf2 Nxe5 6. d4 Nc6 7. Be3 d6 8. Bc4 Qf6+ 9. Qf3 Bg4 10. Qxf6 Nxf6 11. Rhf1 Na5 12. Bb5+ Bd7 13. Bd3 Ng4+ 14. Ke2 Nxe3 15. Kxe3 Rf8 16. Nd5 Rc8 17. Kd2 c5 18. b4 cxb4 19. Nxb4 Nc4+ 20. Bxc4 Rxc4 21. c3 Rc8 22. Rae1 Bb5 23. Rf3 Bc4 24. a3 Kd7 25. Rfe3 f6 26. Nd3 Rfe8 27. Nf4 Re7 28. Nh5 Rce8 29. Nf4 1/2-1/2

[Event "MVS-ch"]
[Site "Bad Soden Salmuenster"]
[Date "1999.11.14"]
[Round "2"]
[White "Eibelshaeuser, Stefan"]
[Black "Hattermann, Thomas"]
[Result "1-0"]
[WhiteElo "1914"]
[BlackElo "1758"]
[PlyCount "55"]
[EventDate "1999.11.??"]
[EventType "swiss"]
[EventRounds "7"]
[EventCountry "GER"]
[SourceTitle "EXT 2003"]
[Source "ChessBase"]
[SourceDate "2002.11.25"]
[SourceVersion "1"]
[SourceVersionDate "2002.11.25"]
[SourceQuality "1"]

1. d4 d5 2. c4 e6 3. Nc3 Nf6 4. Bg5 Be7 5. Nf3 0-0 6. e3 Nbd7 7. Qc2 dxc4 8. Bxc4 c5 9. Rd1 a6 10. a4 Qc7 11. d5 Nb6 12. Bf4 e5 13. Bxe5 Qd7 14. Be2 Ng4 15. Bg3 Bf6 16. h3 Nh6 17. a5 Bxc3+ 18. bxc3 Qa4 19. Qxa4 Nxa4 20. c4 Nc3 21. Rd3 Ne4 22. Bc7 f6 23. Nd2 f5 24. Nxe4 fxe4 25. Rb3 Rf7 26. Bb6 Bd7 27. Bxc5 Raf8 28. Bxf8 1-0

[Event "MVS-ch"]
[Site "Dietzenbach"]
[Date "1998.11.22"]
[Round "7"]
[White "Plietz, Burckhard"]
[Black "Hattermann, Thomas"]
[Result "0-1"]
[WhiteElo "1355"]
[BlackElo "1744"]
[PlyCount "74"]
[EventDate "1998.11.??"]
[EventType "swiss"]
[EventRounds "7"]
[EventCountry "GER"]
[SourceTitle "EXT 2003"]
[Source "ChessBase"]
[SourceDate "2002.11.25"]
[SourceVersion "1"]
[SourceVersionDate "2002.11.25"]
[SourceQuality "1"]

1. Nf3 d5 2. c4 dxc4 3. e4 e6 4. Bxc4 c5 5. 0-0 Nd7 6. a3 g6 7. b3 Bg7 8. Nc3 a6 9. Rb1 Ne7 10. Bb2 0-0 11. d3 b5 12. Nxb5 axb5 13. Bxg7 Kxg7 14. Bxb5 Ba6 15. Bc4 Bxc4 16. bxc4 Rxa3 17. Ne1 Nc6 18. Nc2 Ra8 19. Rb5 Rb8 20. Qa1+ Kg8 21. Rfb1 Rxb5 22. Rxb5 Qc7 23. Ne3 Nd4 24. Rb1 Rb8 25. Rf1 Qb7 26. Ng4 h5 27. Ne3 Ra8 28. Qd1 Qb3 29. Qe1 Ra2 30. f4 Qxd3 31. e5 Re2 32. Qa5 Rxe3 33. Qd8+ Nf8 34. Qg5 Ne2+ 35. Kh1 Ng3+ 36. hxg3 Qxf1+ 37. Kh2 Re2 0-1